[Event "IECC O-2973"]
[Site "IECC email"]
[Date "2009.06.11"]
[Round "?"]
[White "Lynskey, Mary Anne"]
[Black "Kipfer, Richard Charles"]
[Result "1-0"]
[WhiteElo "972"]
[BlackElo "1100"]
[PlyCount "35"]
[EventDate "2009.??.??"]
[EventType "swiss (corr)"]
[EventRounds "2"]
[SourceTitle "Corr 2011"]
[Source "ChessBase"]
[SourceDate "2010.08.31"]
[SourceVersion "1"]
[SourceVersionDate "2010.08.31"]
[SourceQuality "1"]
[WhiteTeam "US of America"]
[BlackTeam "Canada"]
[WhiteTeamCountry "USA"]
[BlackTeamCountry "CAN"]

1. e4 f6 2. d4 Nc6 3. d5 Ne5 4. Be2 e6 5. f4 Bb4+ 6. c3 Bc5 7. fxe5 fxe5 8. Nf3 Bd6 9. dxe6 dxe6 10. 0-0 Nf6 11. Bg5 0-0 12. Nbd2 Be7 13. Nxe5 Nxe4 14. Nxe4 Qxd1 15. Raxd1 Bxg5 16. Nxg5 Rf5 17. Rd8+ Rf8 18. Rfxf8# 1-0

[Event "IECC M1-2009.T51"]
[Site "IECC email"]
[Date "2009.05.05"]
[Round "?"]
[White "Lynskey, Mary Anne"]
[Black "Miskell, Steven"]
[Result "1-0"]
[WhiteElo "948"]
[BlackElo "1081"]
[PlyCount "27"]
[EventDate "2009.??.??"]
[EventType "match (corr)"]
[EventRounds "2"]
[SourceTitle "Corr 2013"]
[Source "ChessBase"]
[SourceDate "2012.11.12"]
[SourceVersion "1"]
[SourceVersionDate "2012.11.12"]
[SourceQuality "1"]
[WhiteTeam "England"]
[BlackTeam "US of America"]
[WhiteTeamCountry "ENG"]
[BlackTeamCountry "USA"]

1. e4 e5 2. Nf3 Nf6 3. Bc4 d5 4. exd5 Nxd5 5. Nxe5 Be6 6. 0-0 Bd6 7. Bxd5 Bxd5 8. Re1 0-0 9. Nc3 Re8 10. Nxd5 Bxe5 11. c4 Qd6 12. f4 Bd4+ 13. Kf1 c6 14. Rxe8+ 1-0

[Event "LSS OP-2009-0-00780"]
[Site "LSS email"]
[Date "2009.03.07"]
[Round "?"]
[White "Lynskey, Mary Anne"]
[Black "Souply, Yves"]
[Result "0-1"]
[WhiteElo "1000"]
[BlackElo "1763"]
[PlyCount "76"]
[EventDate "2009.03.01"]
[EventType "tourn (corr)"]
[EventRounds "4"]
[EventCountry "GER"]
[SourceTitle "Corr 2011"]
[Source "ChessBase"]
[SourceDate "2010.08.31"]
[SourceVersion "1"]
[SourceVersionDate "2010.08.31"]
[SourceQuality "1"]

1. e4 e6 2. d4 d5 3. Nd2 c5 4. exd5 exd5 5. c3 cxd4 6. cxd4 Bd6 7. Ngf3 Nc6 8. Be2 Nf6 9. 0-0 0-0 10. Re1 Bf5 11. Bb5 Nb4 12. Ba4 Rc8 13. Re2 Bd3 14. Re1 Bc2 15. Bxc2 Nxc2 16. Rb1 Nxe1 17. Qxe1 Re8 18. Qd1 Qa5 19. Ra1 Qb5 20. Nb3 Qe2 21. Qd2 Rc2 22. Qxe2 Rexe2 23. Be3 Rxb2 24. Nc1 Rec2 25. Ne1 Rc8 26. Ncd3 Rb5 27. Nf3 Ne4 28. a4 Ra5 29. Rb1 b6 30. Nh4 Rc3 31. Ne5 f6 32. Nef3 Rxa4 33. Nf5 Rca3 34. Rf1 Bb4 35. Bf4 Ra1 36. Rxa1 Rxa1+ 37. Bc1 Rxc1+ 38. Ne1 Rxe1# 0-1

[Event "IECC O-2913"]
[Site "IECC email"]
[Date "2009.03.05"]
[Round "?"]
[White "Lynskey, Mary Anne"]
[Black "Hintze, Russell P"]
[Result "0-1"]
[WhiteElo "973"]
[BlackElo "1043"]
[PlyCount "28"]
[EventDate "2009.??.??"]
[EventType "swiss (corr)"]
[EventRounds "2"]
[SourceTitle "Corr 2013"]
[Source "ChessBase"]
[SourceDate "2012.11.12"]
[SourceVersion "1"]
[SourceVersionDate "2012.11.12"]
[SourceQuality "1"]
[WhiteTeam "Australia"]
[BlackTeam "US of America"]
[WhiteTeamCountry "AUS"]
[BlackTeamCountry "USA"]

1. e4 c5 2. d3 Nc6 3. Nf3 d6 4. Bf4 e5 5. Bg5 Be7 6. Be3 Bg4 7. Nc3 Nf6 8. Be2 Bxf3 9. gxf3 0-0 10. Qd2 d5 11. exd5 Nxd5 12. 0-0-0 Nxc3 13. bxc3 c4 14. d4 Ba3+ 0-1

[Event "IECG TG-2009-0-15913"]
[Site "IECG email"]
[Date "2009.03.01"]
[Round "1"]
[White "Michael, Holger"]
[Black "Lynskey, Mary Anne"]
[Result "1-0"]
[WhiteElo "1214"]
[BlackElo "1000"]
[PlyCount "47"]
[EventDate "2009.03.01"]
[EventType "tourn (corr)"]
[EventRounds "6"]
[SourceTitle "Corr 2024"]
[Source "ChessBase"]
[SourceDate "2023.10.19"]
[SourceVersion "1"]
[SourceVersionDate "2023.10.19"]
[SourceQuality "1"]

1. e4 e6 2. Nc3 Nf6 3. e5 Bb4 4. a3 Bxc3 5. dxc3 Nd5 6. Qg4 g6 7. Bg5 f6 8. exf6 Nxf6 9. Qf3 0-0 10. 0-0-0 Nc6 11. h4 d6 12. h5 gxh5 13. Bd3 Ne5 14. Qg3 Kh8 15. Bxh7 Qe8 16. Bxf6+ Rxf6 17. Rxh5 Qf8 18. Bg6+ Kg7 19. Rh7+ Kg8 20. Bf5+ Ng6 21. Bxg6 Qg7 22. Rxg7+ Kxg7 23. Bh5+ Kf8 24. Qg5 1-0

[Event "IECC M1-2009.T32"]
[Site "IECC email"]
[Date "2009.02.26"]
[Round "?"]
[White "Lynskey, Mary Anne"]
[Black "Richard, Andy"]
[Result "0-1"]
[WhiteElo "983"]
[BlackElo "1243"]
[PlyCount "42"]
[EventDate "2009.??.??"]
[EventType "match (corr)"]
[EventRounds "2"]
[SourceTitle "Corr 2011"]
[Source "ChessBase"]
[SourceDate "2010.08.31"]
[SourceVersion "1"]
[SourceVersionDate "2010.08.31"]
[SourceQuality "1"]
[WhiteTeam "US of America"]
[BlackTeam "Canada"]
[WhiteTeamCountry "USA"]
[BlackTeamCountry "CAN"]

1. e4 e6 2. d4 d5 3. Nc3 Bb4 4. e5 c5 5. Bb5+ Bd7 6. a3 Bxc3+ 7. bxc3 Bxb5 8. a4 Bc4 9. Nf3 Nc6 10. Ng5 Nh6 11. Bf4 0-0 12. dxc5 Qa5 13. Kd2 Qxc5 14. Qf3 Rac8 15. Rab1 b6 16. g3 Qa5 17. Rhe1 Qxa4 18. Qh5 d4 19. cxd4 Nxd4 20. Rb2 Qa5+ 21. c3 Nb3+ 0-1

[Event "LSS OP-2009-0-00729"]
[Site "LSS email"]
[Date "2009.01.26"]
[Round "?"]
[White "Lynskey, Mary Anne"]
[Black "Erlinger, Guido"]
[Result "0-1"]
[WhiteElo "951"]
[BlackElo "1394"]
[PlyCount "24"]
[EventDate "2009.01.24"]
[EventType "tourn (corr)"]
[EventRounds "4"]
[EventCountry "GER"]
[SourceTitle "Corr 2013"]
[Source "ChessBase"]
[SourceDate "2012.11.12"]
[SourceVersion "1"]
[SourceVersionDate "2012.11.12"]
[SourceQuality "1"]

1. d4 d5 2. Nf3 Nf6 3. Ne5 e6 4. Nc3 Nbd7 5. f4 Bb4 6. Nc6 bxc6 7. Bd2 Bxc3 8. bxc3 Ne4 9. Be3 Ba6 10. Bd2 Qh4+ 11. g3 Nxg3 12. Rg1 Ne4+ 0-1

[Event "IECC O-2886"]
[Site "IECC email"]
[Date "2009.01.03"]
[Round "?"]
[White "Lynskey, Mary Anne"]
[Black "Bentley, Gareth"]
[Result "0-1"]
[WhiteElo "1000"]
[BlackElo "963"]
[PlyCount "28"]
[EventDate "2009.??.??"]
[EventType "swiss (corr)"]
[EventRounds "2"]
[SourceTitle "Corr 2013"]
[Source "ChessBase"]
[SourceDate "2012.11.12"]
[SourceVersion "1"]
[SourceVersionDate "2012.11.12"]
[SourceQuality "1"]
[WhiteTeam "Australia"]
[BlackTeam "US of America"]
[WhiteTeamCountry "AUS"]
[BlackTeamCountry "USA"]

1. e4 e5 2. Nf3 Bb4 3. a3 Bc5 4. Nxe5 Nf6 5. Be2 0-0 6. 0-0 d6 7. c3 Qe8 8. Nd3 Nc6 9. Nxc5 dxc5 10. b4 Qxe4 11. d3 Qg6 12. Nd2 Be6 13. b5 Bd5 14. bxc6 Qxg2# 0-1